Quizzes
Events
Quiz Creation
Community
Videos
Private Events
Remove Ads
Sign In
Join for FREE
Feedback
Dark Mode
Quiz Categories
Sports
Geography
Music
Movies
Television
Just For Fun
Miscellaneous
History
Literature
Language
Science
Gaming
Entertainment
Religion
Holiday
For Kids
Quiz Lab
Recent
Popular Today
Quiz Kudos Today
Editor Picks
Curator Picks
Quizzes by...
Day
Popularity
Type
Ratings
Length
Year
Community
Subscriptions
Recent Discussions
Orange Saloon
Badges
Playlists
Quests
Create
Leaderboards
Showdown
Live 5
Trivia Bingo
Activity
Puzzle Library
Sporcle Events
Private Events
Virtual Trivia
Globe League
Become a Host
Pub Owners
SporcleCon
Opinionation
Our Games
Videos
Blog
Mobile Apps
Partnerships
Remove Ads and Go Orange
Feedback
Miscellaneous
Crossword
General Knowledge
Baby Names
Logo
Food
Cars
Numbers
Grab Bag
University
College
Popular
Company
Slogans
Restaurants
Justice
Letter
Miscellaneous
Crossword
General Knowledge
Baby Names
Logo
Food
Cars
Numbers
Grab Bag
University
College
Popular
Company
Slogans
Restaurants
Justice
Letter
Random Quiz
Search Sporcle
×
Quiz Lab
Quiz Lab
Miscellaneous
Baby Names
Type in answers that appear in a list
Type in answers that appear in a list
Classic
Best Score? Go Orange.
300 Vowel Boys Names 2011 Stats
Can you name the 300 Vowel Boys Names 2011?
By
Gymmie
20m
300 Questions
1,292 Plays
1,292 Plays
1,292 Plays
Comments
Comments
Give Quiz Kudos
Give Quiz Kudos
-
- Ratings
hide this ad
More Info
Replay
Link that replays current quiz
Next Quiz
Link to next quiz in quiz playlist
You Got
0%
They Got
Avg Score
36%
Avg Friend Score
Upgrade to see
Score Distribution
Jump to the score distribution portion of the page
Score
0/300
Timer
20:00
0
Plays Today
Rank
Name
% Correct
20.
Alex
94.6%
32.
Edward
94.3%
47.
Andre
93.8%
2.
Alexander
93.4%
6.
Andrew
93.4%
18.
Oliver
92.9%
14.
Eli
90.8%
8.
Evan
90.4%
11.
Aaron
89.9%
1.
Ethan
89.3%
3.
Aiden
89.2%
19.
Adam
88.6%
34.
Alan
88%
22.
Eric
87.5%
4.
Anthony
87.2%
17.
Ian
86.7%
74.
Albert
86.2%
63.
Allen
86.1%
65.
Arthur
86.1%
7.
Isaac
85.8%
164.
Anton
85.5%
5.
Elijah
84.9%
27.
Ivan
83.4%
33.
Oscar
82.9%
10.
Owen
82.2%
54.
Andy
82.1%
55.
Erik
82%
24.
Ashton
81.4%
23.
Aidan
80.7%
116.
Allan
80.2%
26.
Antonio
79.9%
45.
Edwin
79.1%
152.
Alfred
79%
9.
Isaiah
77.5%
37.
Abraham
76.6%
146.
Isai
75.9%
13.
Adrian
74.6%
16.
Ayden
73.7%
49.
Edgar
72.7%
36.
Eduardo
72.5%
53.
Elliot
72.5%
77.
Alberto
72.5%
15.
Austin
72.3%
25.
Asher
71.5%
29.
Axel
70.9%
28.
Alejandro
70.1%
40.
Avery
68.8%
206.
Ever
68.8%
68.
Ali
68.4%
61.
Elliott
68.2%
112.
Aron
67.8%
41.
Ezra
67.4%
249.
Om
67.3%
12.
Angel
67.1%
98.
Alvin
67.1%
38.
Omar
66.7%
44.
Erick
66.7%
30.
Elias
66.3%
48.
Alexis
66%
94.
Ari
66%
195.
Emmet
65.6%
124.
Ellis
64.7%
91.
Alfredo
64.3%
142.
Ernest
64.1%
59.
Angelo
64%
57.
Aden
63.6%
43.
Emmett
63.1%
51.
Everett
62%
39.
Ezekiel
61.9%
58.
Anderson
61.4%
78.
Alec
61.4%
235.
Arnold
61.1%
75.
August
60.5%
119.
Aydan
59.4%
157.
Anders
59%
172.
Eliot
58.9%
236.
Edmund
58.5%
81.
Arturo
58.4%
46.
Abel
57.8%
139.
Eugene
57.2%
72.
Emerson
57.1%
35.
Andres
56.9%
169
Eddy
56.8%
193.
Antony
56.8%
243.
Arman
56.3%
42.
Israel
55.1%
247.
Emil
53.7%
123.
Adrien
52.3%
64.
Adan
51%
92.
Ernesto
50.2%
31.
Emmanuel
49.8%
170.
Isaak
49.6%
229.
Earl
48.7%
66.
Armando
48.6%
60.
Emilio
48.2%
108.
Aidyn
47.9%
245.
Ira
47.6%
130.
Augustus
47.3%
140.
Eden
47%
171.
Ulysses
46.3%
Rank
Name
% Correct
52.
Emanuel
45.9%
155.
Otto
45.7%
102.
Ace
45%
21.
Easton
44.9%
147.
Antoine
44.6%
129.
Edison
44.1%
122.
Emery
43.5%
202.
Ewan
43.5%
150.
Elvis
43.5%
173.
Elmer
43.4%
82.
Abram
43.2%
109.
Alessandro
43.2%
84.
Archer
42.9%
90.
Orlando
42.8%
50.
Amir
42.2%
144.
Amos
42.2%
212.
Alton
42.2%
143.
Irvin
41.6%
153.
Arlo
41.5%
197.
Aubrey
41.5%
105.
Uriah
41.2%
218.
Oskar
41.1%
132.
Alfonso
40.1%
67.
Enrique
39.8%
219.
Irving
39.8%
260.
Isac
39.6%
80.
Issac
38.5%
100.
Alonzo
38.4%
107.
Ariel
38.3%
126.
Odin
38.3%
204.
Amar
38.1%
233.
Adin
38.1%
188.
Andreas
37.4%
191.
Austen
37%
174.
Emory
36.6%
184.
Augustine
36.4%
104.
Aldo
36.1%
110.
Isiah
36%
210.
Ishmael
35.7%
99.
Asa
35.5%
89.
Orion
35.1%
145.
Alden
34.7%
269.
Adyn
34.7%
71.
Esteban
33.6%
62.
Amari
32.9%
159.
Elian
32.4%
237.
Ervin
31.9%
83.
Uriel
31.7%
96.
Ahmed
31.6%
161.
Ethen
31.5%
117.
Alonso
31.4%
187.
Alek
31.4%
176.
Ephraim
30.9%
87.
Atticus
30.8%
127.
Elisha
30.8%
200.
Elvin
30.4%
69.
Ismael
30.1%
73.
Izaiah
29.5%
292.
Olivier
29.5%
56.
Emiliano
28.7%
181.
Avi
28.6%
285.
Erwin
28.1%
201.
Aston
27.8%
225.
Izaac
27.5%
88.
Ibrahim
27.4%
131.
Emmitt
27.2%
287.
Aeden
26.9%
240.
Alistair
26.8%
166.
Aedan
26.3%
76.
Enzo
26.1%
93.
Armani
25.8%
111.
Omari
25.5%
203.
Izaak
25.2%
185.
Austyn
25.1%
106.
Ahmad
24.5%
179.
Abner
23.8%
259.
Eben
23.4%
154.
Arian
23.3%
177.
Immanuel
23.3%
196.
Apollo
23.3%
273.
Oren
23.3%
120.
Adonis
22.8%
198.
Aleksander
22.7%
125.
Alexzander
22.4%
136.
Ean
21.6%
118.
Aryan
20.8%
190.
Ely
20.7%
231.
Abdul
20.1%
186.
Eamon
20%
224.
Alexandre
20%
299.
Isreal
19.6%
205.
Elan
18.9%
70.
Iker
18.7%
156.
Enoch
18.4%
134.
Aaden
17.6%
286.
Adriano
17.5%
114.
Osvaldo
17.1%
128.
Abdullah
17.1%
255.
Oswaldo
17.1%
101.
Ezequiel
17%
Rank
Name
% Correct
251.
Antwon
16.5%
296.
Ansel
16.5%
220.
Ismail
16.4%
208.
Emir
16%
168.
Antwan
15.9%
183.
Anson
15.6%
115.
Ulises
15.5%
238.
Alexandro
14.8%
162.
Oakley
14.5%
290.
Olin
14.5%
158.
Ignacio
14.4%
85.
Adriel
14.3%
180.
Estevan
14.2%
211.
Aven
14.2%
293.
Armon
14.2%
151.
Agustin
14.1%
182.
Ajay
13.8%
266.
Ilan
13.8%
163.
Ameer
13.8%
230.
Idris
13.5%
167.
Adolfo
13.3%
239.
Amani
13.3%
284.
Omarion
13.2%
295.
Umar
12.5%
138.
Alvaro
12.2%
79.
Amare
12.1%
253.
Aries
12.1%
222.
Ares
12%
178.
Eliezer
11.8%
213.
Axton
11.8%
275.
Amin
11.8%
86.
Alijah
11.3%
217.
Achilles
11.3%
254.
Obed
11.2%
244.
Atlas
11%
148.
Efrain
10.9%
189.
Ayan
10.9%
281.
Andrei
10.6%
97.
Isaias
10.5%
297.
Eitan
10.4%
282.
Elyjah
10.2%
137.
Izayah
10%
270.
Azriel
9.8%
214.
Azariah
9.7%
113.
Urijah
9.1%
298.
Esai
9.1%
121.
Ayaan
8.8%
207.
Amarion
8.7%
288.
Akeem
8.4%
234.
Adler
8.3%
95.
Arjun
8.2%
228.
Avraham
8%
256.
Andrey
7.9%
289.
Ammon
7.9%
280.
Adiel
7.8%
271.
Eason
7.6%
265.
Eleazar
7.3%
226.
Eian
7.2%
227.
Eliyahu
7.1%
133.
Abdiel
6.7%
209.
Imran
6.7%
223.
Efren
6.7%
262.
Anakin
6.7%
160.
Eliseo
6.4%
252.
Ahmir
6.4%
257.
Avrohom
6.4%
242.
Athan
6.3%
103.
Aarav
6.3%
215.
Ishan
6.3%
264.
Aksel
6.2%
291.
Aryeh
6.1%
135.
Ishaan
6%
194.
Aydenn
6%
232.
Alexavier
6%
268.
Abdulrahman
5.7%
192.
Aayden
5.4%
279.
Aamir
5.3%
261.
Isael
5.2%
274.
Abdullahi
5.2%
141.
Arnav
5.1%
149.
Aditya
5.1%
263.
Adair
4.8%
267.
Osmar
4.8%
278.
Eder
4.7%
283.
Eshan
4.7%
300.
Unknown, Uziel (tie)
4.7%
199.
Anish
4.6%
246.
Aaryan
4.6%
216.
Atreyu
4.6%
221.
Abdirahman
4.6%
276.
Akhil
4.5%
175.
Armaan
4.4%
250.
Ayush
4.4%
165.
Aarush
4.3%
258.
Anas
4.1%
272.
Everardo
4%
294.
Osiel
4%
248.
Amauri
3.9%
277.
Anay
3.9%
241.
Anush
3.9%
Quiz Playlist
Details
Report
Send in Message
Add To Playlist
More Info:
Vowels include: A, E, I, O, U Not Y
Classic:
Type in answers that appear in a list
Last Updated: Mar 23, 2017
Quiz Scoreboard
CHALLENGE
Sign Up to Join the Scoreboard
Show All
Scores
Hide
Comments
May contain spoilers
Recently Published
Billboard Blitz: Fleetwood Mac
by CooCooCachoo
Music
15s
Presidents Visiting Landmarks
by Hejman
History
7m
An Introduction to Baseball
by treessimontrees
Sports
5m
More to Explore
Quiz From the Vault
Featured Blog Post
Where Did the Easter Bunny Come From?
hide this ad
You Might Also Like...
Tags
Baby Names Quiz
Popular Quiz
2011
300
Boy
Boys Names
Vowel
Today's Top Quizzes in Miscellaneous
Browse Miscellaneous
hide this ad
Today's Top Quizzes in Baby Names
Browse Baby Names
Top Contributed Quizzes in Miscellaneous
1
5-to-1: Fast Food
2
The JOE quick-fire general knowledge quiz: Day 174
3
The JOE quick-fire general knowledge quiz: Day 173
4
5-to-1: Cocktails
5
The JOE quick-fire general knowledge quiz: Day 172
6
Sunday Crossword: Famous Bodies of Water
7
One Thing in Common: United Kingdom II
8
The JOE quick-fire general knowledge quiz: Day 171
9
Named After an Animal - Odd One Out!
10
The JOE quick-fire quiz: Day 170
Explore More
Trending Topics
Harry Potter
NBA
Anime
Kpop
Crossword
Marvel
Disney
Country
WWE
Pokémon
Soccer
NFL
Song
Puzzle
The Office
hide this ad
More By:
Gymmie
Quiz
Plays
Rating
Category
Featured
Created
300 Vowel Girls Names 2011
3,699
4.65
Miscellaneous
Dec 26, 2012
300 Vowel Boys Names 2011
1,292
4.64
Miscellaneous
Dec 27, 2012
2011 Girl Names #301-599
436
4.83
Miscellaneous
Dec 28, 2012
Boys Names (US-2008)
371
Just For Fun
Jan 13, 2010
Go to Creator's Profile
Score Distribution
Quiz Creator Spotlight
Gymmie
Follow
Send a Message
Quizzes Created
-
Created Quiz Play Count
-
More By This Creator
Popular Quizzes Today
1
Find the US States - No Outlines Minefield
2
Find the Countries of Europe - No Outlines Minefield
3
The Countries of the World
4
Find the US States
5
US States
6
Risky Map Clicking: Biggest States A-Z
7
Popular People in 1961
8
Movies - When Are They Set?
More Miscellaneous Quizzes
20 Facts About 'Phoenix'
Published
Trending Quizzes
Risky Map Clicking: Least Populous States A-Z
1-10 Letter G Words
1-10 Letter F Words
Risky Map Clicking: Next State Alphabetically
Risky Map Clicking: Biggest States A-Z
Recently Updated
Leaping Animals
pecheneg
Reality TV Shows (A-Z)
bhenderson79
Rickey Henderson's Hall of Fame Teammates
pecheneg
Champions League XIs: Arsenal
pecheneg
Quick Pick: Celebrities in WWE's Hall of Fame
aduchscher
A-Z Keypad Blitz II
pecheneg
Multiple Oscar Actors
pecheneg
Mystery Phrase Blitz: Oscar 'Best Actors'
pecheneg
F. Scott Fitzgerald Novels
LTH
Pick 3 Villains
ddd62291
Trending Topics
Marvel
Anime
Disney
Kpop
NBA
Crossword
Harry Potter
Pokémon
Puzzle
Soccer
The Office
WWE
NFL
Song
Country
Your Account Isn't Verified!
In order to create a playlist on Sporcle, you need to verify the email address you used during registration. Go to your
Sporcle Settings
to finish the process.
Report this User
Report this user for behavior that violates our
Community Guidelines
.
Details:
Send Report
Go to the Sporcle.com Mobile Site →
Comments